Sports Quiz

Random Sports or MLB Quiz

MLB 100+ Hits - 2000 to 2019 - Detroit Tigers Quiz Stats

 Plays Quiz not verified by Sporcle

Support Sporcle.
Go Orange.
Score 0/70 Timer 15:00
0 Plays Today
Hits Player % Correct
1973Miguel Cabrera
100%
1033Victor Martinez
96.1%
509JD Martinez
96.1%
1083Brandon Inge
94.1%
989Magglio Ordonez
92.2%
564Alex Avila
92.2%
356Prince Fielder
90.2%
681Ian Kinsler
88.2%
862Nicholas Castellanos
86.7%
743Austin Jackson
86.3%
702Curtis Granderson
84.3%
500Dmitri Young
84.3%
199Delmon Young
84.3%
709Ivan Rodriguez
76.5%
103Ronny Rodriguez
76.5%
892Carlos Guillen
74.5%
806Placido Polanco
72.5%
189JaCoby Jones
72.5%
513Jose Iglesias
70.6%
341Torii Hunter
68.6%
676Bobby Higginson
66.7%
605Omar Infante
64.7%
268Justin Upton
64.7%
463Jhonny Peralta
62.7%
540Ramon Santiago
58.8%
368James McCann
58.8%
179Sean Casey
58.8%
133Juan Gonzalez
58.8%
607Craig Monroe
56.9%
218Rajai Davis
56.9%
214Niko Goodrum
56.9%
353Brennan Boesch
54.9%
220Jeimer Candelario
54.9%
358Marcus Thames
52.9%
227Chris Shelton
52.9%
Hits Player % Correct
180Tony Clark
52.9%
198Gerald Laird
51%
403Ryan Raburn
49%
358Carlos Pena
49%
282Deivi Cruz
49%
238Rondell White
49%
194Dean Palmer
49%
334Damion Easley
47.1%
221Alex Sanchez
47.1%
225Gary Sheffield
45.1%
268Andy Dirks
39.2%
244Don Kelly
39.2%
139Brad Ausmus
39.2%
106Harold Castro
39.2%
300Robert Fick
37.3%
189John Hicks
37.3%
141Mikie Mahtook
37.3%
118Yoenis Cespedes
37.3%
117Cameron Maybin
37.3%
366Shane Halter
33.3%
146Johnny Damon
33.3%
142Anthony Gose
33.3%
164Eric Munson
31.4%
102Christin Stewart
31.4%
219Andrew Romine
29.4%
136Edgar Renteria
29.4%
223Randall Simon
27.5%
153Roger Cedeno
27.5%
131Victor Reyes
25.5%
118Tyler Collins
25.5%
259Juan Encarnacion
19.6%
189Wendell Magee
19.6%
120Nook Logan
17.6%
104Dixon Machado
13.7%
200Jose Macias
9.8%

You're not logged in!

Compare scores with friends on all Sporcle quizzes.
OR
Log In

From the Vault

Actors & Actresses by Movie: 'A'

by kfastic

We can't guarantee that all these 'A' actors are actually on the A-List.
Remove Ads.
Support Sporcle.
Get the best of Sporcle when you Go Orange. This ad-free experience offers more features, more stats, and more fun while also helping to support Sporcle. Thank you for becoming a member.

Show Comments

Extras

Top Quizzes Today


Score Distribution

Your Account Isn't Verified!

In order to create a playlist on Sporcle, you need to verify the email address you used during registration. Go to your Sporcle Settings to finish the process.

Report this User

Report this user for behavior that violates our Community Guidelines.

Details: